Iniciación y administración de pequeños y medianos negocios
Збережено в:
| Автор: | |
|---|---|
| Співавтор: | |
| Формат: | Книга |
| Мова: | Іспанська |
| Опубліковано: |
Bogotá
McGraw-Hill
1991
|
| Редагування: | 6a. ed |
| Предмети: | |
| Теги: |
Додати тег
Немає тегів, Будьте першим, хто поставить тег для цього запису!
|
MARC
| LEADER | 00000cam a2200000 a 4500 | ||
|---|---|---|---|
| 001 | UCD8980 | ||
| 003 | CL-VaPUC | ||
| 008 | 170527e19911100ck |||||||||||||||||spa|d | ||
| 020 | |a 9586000931 | ||
| 082 | 0 | 4 | |a 658.022 |b LAS |2 21 |
| 100 | 0 | |a Lasser, J.K |e author |9 592616 | |
| 110 | 2 | |a Tax Institute |e author |9 592617 | |
| 245 | 1 | 0 | |a Iniciación y administración de pequeños y medianos negocios |
| 250 | |a 6a. ed | ||
| 300 | |a 316 p | ||
| 942 | |c BK | ||
| 945 | |d 20170527 00:32:00 |a arojas | ||
| 260 | |a Bogotá |b McGraw-Hill |c 1991 | ||
| 600 | 0 | 7 | |a PYMES |2 CL-VaPUC |9 518976 |
| 650 | 0 | |a Administración de empresas |9 260833 | |
| 650 | 0 | |a Proyectos de inversión |9 261065 | |
| 650 | 7 | |a PEQUEÑAS EMPRESAS |2 CL-VaPUC |9 470619 | |
| 650 | 7 | |a MEDIANAS EMPRESAS |2 CL-VaPUC |9 518977 | |
| 583 | |a last modification |c 20170527 00:32:00 |k Rodrigo Vera | ||
| 999 | |c 368286 |d 368284 | ||